00481nam a22001337a 450000500170000000800410001702000220005804100080008010000890008824501060017726000410028330000100032465000130033420250904151443.0250904b |||||||| |||| 00| 0 eng d a978-81-963443-0-6 aeng aSINGH, DR RAMANDEEP . MEHRA, MEENAKSHI, JOSHI, SWETA AND KAKAR, DR.SATINDER aTEXTBOOK OF COMMUNITY PHARMACY AND MANAGEMENT : Exclusively prepared for D PHARMA [2ND YEAR STUDENTS] aDELHIbAITBS PUBLISHERS INDIA c2026 a243;P aPHARMACY